Tax, Welfare, and Pension Reforms in Slovenia : Implications for Work Incentives and Labor Participation /

The labor participation rate in Slovenia has been lower than in the EU-15 (the members states prior to May 2004), particularly for the low-income and older individuals. Using simulations of tax and social benefits and public pensions, the paper shows how the current tax, welfare, and pension systems...

Cijeli opis

Bibliografski detalji
Glavni autor: Egoume Bossogo, Philippe
Daljnji autori: Tuladhar, Anita
Format: Žurnal
Jezik:English
Izdano: Washington, D.C. : International Monetary Fund, 2006.
Serija:IMF Working Papers; Working Paper ; No. 2006/298
Online pristup:Full text available on IMF
LEADER 01940cas a2200253 a 4500
001 AALejournalIMF009161
008 230101c9999 xx r poo 0 0eng d
020 |c 5.00 USD 
020 |z 9781451865585 
022 |a 1018-5941 
040 |a BD-DhAAL  |c BD-DhAAL 
100 1 |a Egoume Bossogo, Philippe. 
245 1 0 |a Tax, Welfare, and Pension Reforms in Slovenia :   |b Implications for Work Incentives and Labor Participation /  |c Philippe Egoume Bossogo, Anita Tuladhar. 
264 1 |a Washington, D.C. :  |b International Monetary Fund,  |c 2006. 
300 |a 1 online resource (33 pages) 
490 1 |a IMF Working Papers 
500 |a <strong>Off-Campus Access:</strong> No User ID or Password Required 
500 |a <strong>On-Campus Access:</strong> No User ID or Password Required 
506 |a Electronic access restricted to authorized BRAC University faculty, staff and students 
520 3 |a The labor participation rate in Slovenia has been lower than in the EU-15 (the members states prior to May 2004), particularly for the low-income and older individuals. Using simulations of tax and social benefits and public pensions, the paper shows how the current tax, welfare, and pension systems create disincentives to work among these groups. The paper finds that incentives to retire early are strong for men, especially low-wage earners. The marginal effective tax rates also make it costly for low-income individuals to work and negatively affect the probability of participating. The paper proposes reform measures to enhance work incentives and labor participation, which will be crucial for dealing with population aging and for achieving higher potential growth in Slovenia. 
538 |a Mode of access: Internet 
700 1 |a Tuladhar, Anita. 
830 0 |a IMF Working Papers; Working Paper ;  |v No. 2006/298 
856 4 0 |z Full text available on IMF  |u http://elibrary.imf.org/view/journals/001/2006/298/001.2006.issue-298-en.xml  |z IMF e-Library